[Event "Pereira Gildardo Garcia Memorial-A"]
[Site "Pereira"]
[Date "2022.05.18"]
[Round "1"]
[White "Castrillon Gomez, Melissa"]
[Black "Guillen Cristobal, Sandra Nayeli"]
[Result "1-0"]
[WhiteElo "2198"]
[BlackElo "1962"]
[PlyCount "79"]
[EventDate "2022.05.18"]
[EventType "swiss"]
[EventRounds "10"]
[EventCountry "COL"]
[SourceTitle "CBM 208 Extra"]
[Source "ChessBase"]
[SourceDate "2022.07.31"]
[SourceVersion "1"]
[SourceVersionDate "2022.07.31"]
[SourceQuality "1"]

1. d4 g6 2. e4 Bg7 3. c4 c5 4. Nf3 cxd4 5. Nxd4 Nc6 6. Nc2 Nf6 7. Nc3 d6 8. Be2 0-0 9. 0-0 Bd7 10. Ne3 Rc8 11. Kh1 a6 12. Ned5 Na5 13. Nxf6+ Bxf6 14. Nd5 Bg7 15. Bg5 Re8 16. Rc1 Bxb2 17. Be3 e6 18. Bb6 Qh4 19. g3 Qxe4+ 20. f3 Qe5 21. Ne3 Bxc1 22. Ng4 Qg5 23. f4 Bc6+ 24. Kg1 Bxf4 25. gxf4 Qh4 26. Bxa5 f5 27. Ne3 e5 28. Nd5 exf4 29. Bf3 Re6 30. Bc3 Kf7 31. Qd4 Qg5+ 32. Kh1 Rg8 33. Nxf4 Re4 34. Nh3 Qh4 35. Bxe4 Bxe4+ 36. Kg1 Qg4+ 37. Kf2 Qxh3 38. Qf6+ Ke8 39. Qe6+ Kd8 40. Ba5+ 1-0

[Event "Villahermosa Mexican op (Women)"]
[Site "Villahermosa"]
[Date "2021.08.08"]
[Round "7"]
[White "Garcia Morales, Ivette Alejandra"]
[Black "Guillen Cristobal, Sandra Nayeli"]
[Result "1/2-1/2"]
[WhiteElo "2016"]
[BlackElo "1953"]
[PlyCount "83"]
[EventDate "2021.08.05"]
[EventType "swiss"]
[EventRounds "9"]
[EventCountry "MEX"]
[SourceTitle "EXT 2022"]
[Source "ChessBase"]
[SourceDate "2021.10.06"]
[SourceVersion "1"]
[SourceVersionDate "2021.10.06"]
[SourceQuality "1"]

1. d4 Nf6 2. c4 c5 3. Nf3 cxd4 4. Nxd4 g6 5. g3 Bg7 6. Bg2 0-0 7. 0-0 Nc6 8. Nc3 a6 9. b3 Qc7 10. Bb2 d6 11. Rc1 Ne5 12. h3 Be6 13. Kh2 Rab8 14. Nxe6 fxe6 15. f4 Ned7 16. Qd2 Qd8 17. Rcd1 b5 18. cxb5 axb5 19. b4 Qb6 20. e4 Rfc8 21. Ne2 e5 22. f5 Rc4 23. fxg6 hxg6 24. a3 Rbc8 25. Nc3 Kh7 26. Qd3 Nf8 27. Rd2 Rd4 28. Qe2 Rxd2 29. Qxd2 Ne6 30. Rd1 Nd4 31. Qd3 Bh6 32. Bf1 Qc6 33. Bg2 Qb6 34. Rf1 Kg7 35. Rd1 Kh7 36. Rf1 Kg7 37. Bf3 Kh7 38. Bd1 Qb7 39. Bf3 Qb6 40. Bd1 Qb7 41. Bf3 Qb6 42. Bd1 1/2-1/2

[Event "Villahermosa Mexican op (Women)"]
[Site "Villahermosa"]
[Date "2021.08.05"]
[Round "1"]
[White "De Dios Suarez, Mayra Valentina"]
[Black "Guillen Cristobal, Sandra Nayeli"]
[Result "0-1"]
[WhiteElo "1537"]
[BlackElo "1953"]
[PlyCount "146"]
[EventDate "2021.08.05"]
[EventType "swiss"]
[EventRounds "9"]
[EventCountry "MEX"]
[SourceTitle "EXT 2022"]
[Source "ChessBase"]
[SourceDate "2021.10.06"]
[SourceVersion "1"]
[SourceVersionDate "2021.10.06"]
[SourceQuality "1"]

1. e4 c5 2. Nf3 Nc6 3. d4 cxd4 4. Nxd4 Nf6 5. Nc3 d6 6. f3 g6 7. Be3 Bg7 8. Be2 Bd7 9. Qd2 a6 10. 0-0 h5 11. Bc4 0-0 12. Nb3 Rc8 13. Rad1 Ne5 14. Be2 Re8 15. Nd5 Nxd5 16. exd5 Qc7 17. c3 a5 18. Qc1 a4 19. Nd2 a3 20. Bd4 axb2 21. Qxb2 Ra8 22. Rb1 Rec8 23. Rfc1 b5 24. c4 Nxc4 25. Nxc4 Bxd4+ 26. Qxd4 bxc4 27. Rxc4 Qa5 28. Rxc8+ Bxc8 29. Bc4 Ba6 30. Bxa6 Qxa6 31. Rb2 Qa5 32. Kf2 Rc8 33. Re2 Rc7 34. a4 f6 35. Qe4 Qa7+ 36. Kg3 Kg7 37. h4 Qc5 38. Kh3 Qc3 39. Re3 Qa5 40. Re2 Ra7 41. Ra2 Qc7 42. Qd4 Ra5 43. Qe4 Qd7+ 44. Kg3 Qc7 45. Re2 Ra7 46. Ra2 Qc3 47. a5 f5 48. Qe2 Qd4 49. Qb5 Qe5+ 50. Kh3 f4 51. Re2 Qf5+ 52. Kh2 Qf6 53. Kh3 Rc7 54. Qb2 Qxb2 55. Rxb2 Ra7 56. Rb5 Kf6 57. g4 Ke5 58. gxh5 gxh5 59. Kg2 Rc7 60. Kf2 Rc2+ 61. Ke1 Ra2 62. Kd1 Kd4 63. Rb4+ Kd3 64. Ke1 Rxa5 65. Rxf4 Rxd5 66. Re4 e5 67. Kf2 Ra5 68. Re3+ Kd4 69. Re2 Ra3 70. Re4+ Kd5 71. Re2 Ra4 72. Kg3 Ke6 73. Rd2 d5 0-1

[Event "FIDE World Cup Mexico Qual (Women)"]
[Site "Mexico City"]
[Date "2021.05.30"]
[Round "8"]
[White "Guillen Cristobal, Sandra Nayeli"]
[Black "Ortega Beltran, Ximena"]
[Result "1-0"]
[WhiteElo "1934"]
[BlackElo "1720"]
[PlyCount "49"]
[EventDate "2021.05.26"]
[EventType "swiss"]
[EventRounds "9"]
[EventCountry "MEX"]
[SourceTitle "CBM 202 Extra"]
[Source "ChessBase"]
[SourceDate "2021.07.31"]
[SourceVersion "1"]
[SourceVersionDate "2021.07.31"]
[SourceQuality "1"]

1. d4 c5 2. dxc5 Nc6 3. e4 Nf6 4. Bd3 Qa5+ 5. Nc3 e6 6. Nf3 Bxc5 7. 0-0 0-0 8. Bd2 Qd8 9. e5 Ng4 10. Bxh7+ Kh8 11. Be4 Nxf2 12. Rxf2 Bxf2+ 13. Kxf2 f6 14. exf6 Qxf6 15. Kg1 Ne5 16. Nxe5 Qxe5 17. Qe1 Qh5 18. Qg3 Rf6 19. Rf1 Rxf1+ 20. Kxf1 Qf7+ 21. Kg1 Kg8 22. Qh4 Qf6 23. Bg5 Qd4+ 24. Kh1 Qe5 25. Bg6 1-0